000 00826cam a22002653a 4500
001 14338
003 PGUSA
005 20140828083316.0
008 041213s2004||||xxu|||||s|||||000 p eng d
040 _aPGUSA
_beng
042 _adc
050 4 _aPN
100 1 _aHearn, Lafcadio,
_d1850-1904
245 1 0 _aBooks and Habits, from the Lectures of Lafcadio Hearn
_h[electronic resource] /
_cLafcadio Hearn
260 _bProject Gutenberg,
_c2004
506 _aPublic domain in the USA.
516 _aElectronic text
653 _aLiterature -- History and criticism
653 _aEnglish literature -- History and criticism
653 _aPoetry -- History and criticism
700 1 _aErskine, John,
_d1879-1951
830 0 _aProject Gutenberg
_v14338
856 4 0 _uhttp://www.gutenberg.org/ebooks/14338
942 _cEB
999 _c243593
_d243593